=LDR 00000nam 2200000 4500 =001 000970 =005 20250712020200 =035 ##$$a 0010-0725000849 =007 ta =008 250712################a##########0#ind## =020 ##$$a 978-623-307-470-4 =082 ##$$a 398.209 598 =084 ##$$a 398.209 598 HEL p =100 #$$a Hello English =245 1#$$a Lelucon Berbuah Masalah /$c Hello English =250 ##$$a Cetakan Pertama =260 ##$$a Rawamangun :$b Badan Pengembangan dan Pembinaan Bahasa,$c 2022 =300 ##$$a 20 hlm. : $b Ilus. ; $c 21 cm. =650 #4$$a Cerita Anak Indonesia - Terjemahan =650 #4$$a Literasi - Bahan bacaan =856 ##$$a TBM AS SUHADA